NASCAR Cup Series Drivers of the 2020s - Statistics

General Stats
  • This quiz has been taken 380 times
    12 since last reset
  • The average score is 199 of 295
Answer Stats
Team # Driver % Correct
Hendrick Motorsports 48 Alex Bowman
100%
Hendrick Motorsports 88 Alex Bowman
100%
Team Penske 2 Austin Cindric
100%
Team Penske 33 Austin Cindric
100%
Richard Childress Racing 3 Austin Dillon
100%
Team Penske 2 Brad Keselowski
100%
RFK Racing 6 Brad Keselowski
100%
Spire Motorsports 7 Carson Hocevar
100%
Legacy Motor Club 42 Carson Hocevar
100%
Spire Motorsports 77 Carson Hocevar
100%
Kaulig Racing 13 Chandler Smith
100%
Front Row Motorsports 36 Chandler Smith
100%
Garage 66 66 Chandler Smith
100%
Joe Gibbs Racing 20 Christopher Bell
100%
Leavine Family Racing 95 Christopher Bell
100%
Rick Ware Racing 01 Corey Lajoie
100%
Spire Motorsports 7 Corey Lajoie
100%
Hendrick Motorsports 9 Corey LaJoie
100%
Go Fas Motorsports 32 Corey LaJoie
100%
Rick Ware Racing 51 Corey Lajoie
100%
RFK Racing 99 Corey Lajoie
100%
Hendrick Motorsports 48 Jimmie Johnson
100%
Legacy Motor Club 84 Jimmie Johnson
100%
Chip Ganassi Racing 1 Kurt Busch
100%
23XI Racing 45 Kurt Busch
100%
Richard Childress Racing 8 Kyle Busch
100%
Joe Gibbs Racing 18 Kyle Busch
100%
Hendrick Motorsports 5 Kyle Larson
100%
Chip Ganassi Racing 42 Kyle Larson
100%
Front Row Motorsports 4 Noah Gragson
100%
Stewart-Haas Racing 10 Noah Gragson
100%
Kaulig Racing 16 Noah Gragson
100%
Legacy Motor Club 42 Noah Gragson
100%
Hendrick Motorsports 48 Noah Gragson
100%
Beard Motorsports 62 Noah Gragson
100%
Trackhouse Racing 1 Ross Chastain
100%
Roush Fenway Racing 6 Ross Chastain
100%
Chip Ganassi Racing 42 Ross Chastain
100%
Spire Motorsports 77 Ross Chastain
100%
Kaulig Racing 10 Ty Dillon
100%
Germain Racing 13 Ty Dillon
100%
Kaulig Racing 16 Ty Dillon
100%
Richard Childress Racing 33 Ty Dillon
100%
Petty GMS Motorsports 42 Ty Dillon
100%
Team AmeriVet 50 Ty Dillon
100%
Spire Motorsports 77 Ty Dillon
100%
Gaunt Brothers Racing 96 Ty Dillon
100%
Richard Childress Racing 8 Tyler Reddick
100%
23XI Racing 45 Tyler Reddick
100%
RFK Racing 17 Zane Smith
100%
Front Row Motorsports 36 Zane Smith
100%
Front Row Motorsports 38 Zane Smith
100%
Rick Ware Racing 51 Zane Smith
100%
Spire Motorsports 71 Zane Smith
100%
Stewart-Haas Racing 10 Aric Almirola
89%
Richard Childress Racing 33 Austin Hill
89%
Beard Motorsports 62 Austin Hill
89%
Rick Ware Racing 27 B. J. McLeod
89%
MBM Motorsports 66 B. J. McLeod
89%
B. J. McLeod Motorsports 78 B. J. McLeod
89%
Live Fast Motorsports 78 B. J. McLeod
89%
23XI Racing 23 Bubba Wallace
89%
Richard Petty Motorsports 43 Bubba Wallace
89%
23XI Racing 45 Bubba Wallace
89%
Hendrick Motorsports 9 Chase Elliott
89%
Stewart-Haas Racing 14 Clint Bowyer
89%
Rick Ware Racing 15 Cody Ware
89%
Rick Ware Racing 27 Cody Ware
89%
Petty Ware Racing 51 Cody Ware
89%
Rick Ware Racing 53 Cody Ware
89%
Joe Gibbs Racing 11 Denny Hamlin
89%
Front Row Motorsports 38 John Hunter Nemechek
89%
Legacy Motor Club 42 John Hunter Nemechek
89%
23XI Racing 45 John Hunter Nemechek
89%
Stewart-Haas Racing 4 Josh Berry
89%
Spire Motorsports 7 Josh Berry
89%
Hendrick Motorsports 9 Josh Berry
89%
Wood Brothers Racing 21 Josh Berry
89%
Legacy Motor Club 42 Josh Berry
89%
Hendrick Motorsports 48 Josh Berry
89%
Spire Motorsports 77 Josh Berry
89%
Hendrick Motorsports 5 Justin Allgaier
89%
JR Motorsports 40 Justin Allgaier
89%
Hendrick Motorsports 48 Justin Allgaier
89%
Beard Motorsports 62 Justin Allgaier
89%
Spire Motorsports 77 Justin Allgaier
89%
Spire Motorsports 7 Justin Haley
89%
Kaulig Racing 16 Justin Haley
89%
Kaulig Racing 16 Justin Haley
89%
Kaulig Racing 31 Justin Haley
89%
Rick Ware Racing 51 Justin Haley
89%
Spire Motorsports 77 Justin Haley
89%
Stewart-Haas Racing 4 Kevin Harvick
89%
Chip Ganassi Racing 42 Matt Kenseth
89%
Front Row Motorsports 34 Michael McDowell
89%
Spire Motorsports 71 Michael McDowell
89%
JTG Daugherty Racing 47 Ricky Stenhouse Jr.
89%
Hyak Motorsports 47 Ricky Stenhouse Jr.
89%
Rick Ware Racing 15 Riley Herbst
89%
23XI Racing 35 Riley Herbst
89%
Front Row Motorsports 36 Riley Herbst
89%
Roush Fenway Racing 6 Ryan Newman
89%
Rick Ware Racing 15 Ryan Newman
89%
Rick Ware Racing 51 Ryan Newman
89%
Rick Ware Racing 15 Ryan Preece
89%
JTG Daugherty Racing 37 Ryan Preece
89%
Stewart-Haas Racing 41 Ryan Preece
89%
RFK Racing 60 Ryan Preece
89%
Kaulig Racing 13 Shane van Gisbergen
89%
Kaulig Racing 16 Shane van Gisbergen
89%
Trackhouse Racing 88 Shane van Gisbergen
89%
Trackhouse Racing 91 Shane van Gisbergen
89%
Trackhouse Racing 97 Shane van Gisbergen
89%
MBM Motorsports 13 Timmy Hill
89%
MBM Motorsports 66 Timmy Hill
89%
Garage 66 66 Timmy Hill
89%
Hendrick Motorsports 24 William Byron
89%
Roush Fenway Racing 17 Chris Buescher
78%
RFK Racing 17 Chris Buescher
78%
Stewart-Haas Racing 10 Cole Custer
78%
Stewart-Haas Racing 41 Cole Custer
78%
Haas Factory Team 41 Cole Custer
78%
Rick Ware Racing 51 Cole Custer
78%
Trackhouse Racing 87 Connor Zilisch
78%
Trackhouse Racing 88 Connor Zilisch
78%
Legacy Motor Club 43 Corey Heim
78%
23XI Racing 50 Corey Heim
78%
23XI Racing 67 Corey Heim
78%
Kaulig Racing 16 Daniel Hemric
78%
23XI Racing 23 Daniel Hemric
78%
Kaulig Racing 31 Daniel Hemric
78%
Spire Motorsports 7 Daniel Suárez
78%
Gaunt Brothers Racing 96 Daniel Suárez
78%
Trackhouse Racing 99 Daniel Suárez
78%
Rick Ware Racing 15 David Ragan
78%
Front Row Motorsports 36 David Ragan
78%
Rick Ware Racing 53 David Ragan
78%
RFK Racing 60 David Ragan
78%
Joe Gibbs Racing 20 Erik Jones
78%
Legacy Motor Club 43 Erik Jones
78%
Petty GMS Motorsports 43 Erik Jones
78%
Richard Petty Motorsports 43 Erik Jones
78%
NY Racing Team 44 Greg Biffle
78%
Wood Brothers Racing 21 Harrison Burton
78%
Rick Ware Racing 51 Harrison Burton
78%
Gaunt Brothers Racing 96 Harrison Burton
78%
Team AmeriVet 50 Jeb Burton
78%
Tommy Baldwin Racing 7 J. J. Yeley
78%
Premium Motorsports 15 J. J. Yeley
78%
Rick Ware Racing 15 J. J. Yeley
78%
Rick Ware Racing 27 J. J. Yeley
78%
NY Racing Team 44 J. J. Yeley
78%
Petty Ware Racing 51 J. J. Yeley
78%
Rick Ware Racing 53 J. J. Yeley
78%
Rick Ware Racing 54 J. J. Yeley
78%
MBM Motorsports 55 J. J. Yeley
78%
MBM Motorsports 66 J. J. Yeley
78%
Spire Motorsports 77 J. J. Yeley
78%
Team Penske 22 Joey Logano
78%
Trackhouse Racing 91 Kimi Räikkönen
78%
Joe Gibbs Racing 19 Martin Truex Jr.
78%
Tricon Garage 56 Martin Truex Jr.
78%
StarCom Racing 00 Quin Houff
78%
Team Penske 12 Ryan Blaney
78%
Joe Gibbs Racing 11 Ryan Truex
78%
Rick Ware Racing 15 Todd Gilliland
78%
Front Row Motorsports 34 Todd Gilliland
78%
Front Row Motorsports 36 Todd Gilliland
78%
Front Row Motorsports 38 Todd Gilliland
78%
Rick Ware Racing 51 Todd Gilliland
78%
23XI Racing 23 Ty Gibbs
78%
23XI Racing 45 Ty Gibbs
78%
Joe Gibbs Racing 54 Ty Gibbs
78%
Kaulig Racing 16 A. J. Allmendinger
67%
Front Row Motorsports 38 Anthony Alfredo
67%
Hendrick Motorsports 48 Anthony Alfredo
67%
Beard Motorsports 62 Anthony Alfredo
67%
Live Fast Motorsports 78 Anthony Alfredo
67%
Stewart-Haas Racing 14 Chase Briscoe
67%
Trackhouse Racing 91 Hélio Castroneves
67%
Rick Ware Racing 15 Jenson Button
67%
Richard Childress Racing 33 Jesse Love
67%
Beard Motorsports 62 Jesse Love
67%
Hendrick Motorsports 9 Jordan Taylor
67%
Spire Motorsports 77 Landon Cassill
67%
Gaunt Brothers Racing 96 Landon Cassill
67%
Wood Brothers Racing 21 Matt DiBenedetto
67%
Rick Ware Racing 15 Tim Brown
67%
Kaulig Racing 13 Will Brown
67%
Richard Childress Racing 33 Will Brown
67%
Garage 66 66 Casey Mears
56%
Tommy Baldwin Racing 7 Joey Gase
56%
Rick Ware Racing 15 Joey Gase
56%
NY Racing Team 44 Joey Gase
56%
Petty Ware Racing 51 Joey Gase
56%
Rick Ware Racing 53 Joey Gase
56%
Garage 66 66 Joey Gase
56%
Rick Ware Racing 15 Joey Hand
56%
Rick Ware Racing 52 Joey Hand
56%
RFK Racing 60 Joey Hand
56%
Tommy Baldwin Racing 7 Josh Bilicki
56%
Rick Ware Racing 15 Josh Bilicki
56%
Rick Ware Racing 27 Josh Bilicki
56%
Petty Ware Racing 51 Josh Bilicki
56%
Rick Ware Racing 52 Josh Bilicki
56%
Rick Ware Racing 53 Josh Bilicki
56%
MBM Motorsports 66 Josh Bilicki
56%
Garage 66 66 Josh Bilicki
56%
Spire Motorsports 77 Josh Bilicki
56%
Live Fast Motorsports 78 Josh Bilicki
56%
Richard Childress Racing 3 Kaz Grala
56%
Rick Ware Racing 15 Kaz Grala
56%
Kaulig Racing 16 Kaz Grala
56%
Front Row Motorsports 36 Kaz Grala
56%
The Money Team Racing 50 Kaz Grala
56%
Legacy Motor Club 42 Mike Rockenfeller
56%
Spire Motorsports 77 Mike Rockenfeller
56%
Rick Ware Racing 15 Parker Kligerman
56%
Gaunt Brothers Racing 96 Parker Kligerman
56%
Live Fast Motorsports 78 Sheldon Creed
56%
Beard Motorsports 62 Brendan Gaughan
44%
Team Hezeberg 26 Daniil Kvyat
44%
Kaulig Racing 16 Derek Kraus
44%
NY Racing Team 44 Derek Kraus
44%
Tommy Baldwin Racing 7 Garrett Smithley
44%
MBM Motorsports 13 Garrett Smithley
44%
Rick Ware Racing 15 Garrett Smithley
44%
Petty Ware Racing 51 Garrett Smithley
44%
Rick Ware Racing 53 Garrett Smithley
44%
B. J. McLeod Motorsports 78 Garrett Smithley
44%
Kaulig Racing 16 Josh Williams
44%
Live Fast Motorsports 78 Josh Williams
44%
23XI Racing 50 Kamui Kobayashi
44%
23XI Racing 67 Kamui Kobayashi
44%
Live Fast Motorsports 78 Katherine Legge
44%
Beard Motorsports 62 Parker Retzlaff
44%
MBM Motorsports 66 Parker Retzlaff
44%
23XI Racing 67 Travis Pastrana
44%
Richard Childress Racing 33 Brodie Kostecki
33%
Team AmeriVet 50 Burt Myers
33%
MBM Motorsports 49 Chad Finchum
33%
MBM Motorsports 66 Chad Finchum
33%
Garage 66 66 Chad Finchum
33%
The Money Team Racing 50 Conor Daly
33%
23XI Racing 50 Juan Pablo Montoya
33%
Team Hezeberg 27 Loris Hezemans
33%
Rick Ware Racing 51 Matt Crafton
33%
Tommy Baldwin Racing 7 Reed Sorenson
33%
Premium Motorsports 27 Reed Sorenson
33%
Spire Motorsports 77 Reed Sorenson
33%
3F Racing* 30 Ryan Vargas
33%
Kaulig Racing 13 A.J. Allemndinger
22%
Spire Motorsports 77 Ben Rhodes
22%
Premium Motorsports 15 Brennan Poole
22%
Rick Ware Racing 15 Brennan Poole
22%
NY Racing Team 44 Brennan Poole
22%
MBM Motorsports 13 David Starr
22%
Rick Ware Racing 53 David Starr
22%
MBM Motorsports 66 David Starr
22%
Garage 66 66 David Starr
22%
Rick Ware Racing 15 Derrike Cope
22%
Rick Ware Racing 15 Gray Gaulding
22%
Rick Ware Racing 27 Gray Gaulding
22%
Team Hezeberg 27 Jacques Villeneuve
22%
Spire Motorsports 77 Jamie McMurray
22%
Hendrick Motorsports^ 48 Myatt Snider
22%
Rick Ware Racing 15 Bayley Currey
11%
Rick Ware Racing 53 Bayley Currey
11%
MBM Motorsports 66 Boris Said
11%
RFK Racing 60 Cam Waters
11%
Legacy Motor Club 42 Grant Enfinger
11%
Rick Ware Racing 15 James Davison
11%
Petty Ware Racing 51 James Davison
11%
Rick Ware Racing 53 James Davison
11%
MBM Motorsports 66 James Davison
11%
Spire Motorsports 77 James Davison
11%
Live Fast Motorsports 78 Kyle Tilley
11%
B. J. McLeod Motorsports 55 Matt Mills
11%
Rick Ware Racing 15 Ryan Ellis
11%
Live Fast Motorsports 78 Scott Heckert
11%
Live Fast Motorsports 78 Shane Golobic
11%
Spire Motorsports 77 Stewart Friesen
11%
Rick Ware Racing 15 Andy Lally
0%
Rick Ware Racing 51 Andy Lally
0%
Live Fast Motorsports 78 Andy Lally
0%
Beard Motorsports 62 Casey Mears
0%
Rick Ware Racing 15 Chase Windom
0%
Kaulig Racing 13 Jonathan Davenport
0%
Hendrick Motorsports 48 Justin Allgaier
0%
MBM Motorsports 66 Matt Jaskol
0%
MBM Motorsports 66 Mike Marlar
0%
Rick Ware Racing 15 R. C. Enerson
0%
Rick Ware Racing 53 Ryan Eversley
0%
Spire Motorsports 77 Stanton Barrett
0%
Team Stange Racing 79 Tarso Marques
0%
No matching quizzes found
Score Distribution
Percent of People with Each Score
Percentile by Number Answered
Your Score History
You have not taken this quiz since the last reset